LEADER 01269nas a2200277 i 4500 001 000000255958 003 CaOOAMICUS 005 20190715140151.0 008 171025s2017 gw ar u0 0ger r 013 $a234866 020 $a978-3-402-10568-9 040 $aSeMil$bita 245 10$aNeues Vertrauen in Staat, Kirche und Gesellschaft /$cherausgegeben von Burkhard Kämper und Klaus Pfeffer. 260 $aMünster :$bAschendorff,$ccopyr. 2017. 300 $aX, 163 p. ;$c23 cm. 500 $aAtti del 50. Essener Gespräch, Essen, 9-10 marzo 2015. - Titolo dalla copertina. 700 1 $aEssener Gespräch «Neues Vertrauen in Staat, Kirche und Gesellschaft» <50. ; 2015 ; Essen>.$0(OLS)http://semarc/name/94609 700 1 $aPfeffer, Klaus.$0(OLS)http://semarc/name/81901 700 1 $aKämper, Burkhard.$0(OLS)http://semarc/name/41921 850 $aSeMil 852 $aSeMil$W1$xVenegono$y1$m226 5 50$j206304$B206304$CSeMilBibl$Z2$F221496 $85 961 $aAbbonamento: Aschendorff 996 $6020$a978-3-402-10568-9$9(OLS)http://semarc/number/280102 996 $6245$aNeues Vertrauen in Staat, Kirche und Gesellschaft$9(OLS)http://semarc/title/411989 996 $6260$aMünster :$bAschendorff$9(OLS)http://semarc/publisher/29674 LEADER 01123nam a2200253 i 4500 001 000000044139 003 CaOOAMICUS 005 20091002000000.0 008 091002s1971 fr u000 u fre u 013 $a15309 040 $aSeMil$bita 100 1 $aRobrecht, Michiels <1933- >.$0(OLS)http://semarc/name/21948 240 10$aOpenbarig en belofte.$0(OLS)http://semarc/title/65158 245 10$aJésus-Christ, hier, aujourd'hui, demain /$cMichiels Robrecht ; traduit du néerlandais par Jacques Vandenschrick. 260 $aTournai :$bCasterman,$c1971. 300 $a169 p. ;$c21 cm. 490 0 $aL'actualité religieuse ;$v31 600 04$aGesù Cristo.$0(OLS)http://semarc/subject/712 700 1 $aVandenschrick, Jacques <1943- >.$0(OLS)http://semarc/name/21949 830 2$aL'actualité religieuse ;$v31.$0(OLS)http://semarc/title/2909 850 $aSeMil 852 $aSeMil$W1$xVenegono$y1$m2B III 326$j10294$B10294$CSeMilBibl$Z2$F10294 $81 996 $6245$aJésus-Christ, hier, aujourd'hui, demain$9(OLS)http://semarc/title/65157 996 $6260$aTournai :$bCasterman$9(OLS)http://semarc/publisher/30627